000
00297nam a22001337a 4500
008
170329b xxu||||| |||| 00| 0 eng d
020
_a
9780683074895
041
_a
eng
080
_2
7TH
_a
616-053.2
100
_a
8
101
_a
SHM
245
_a
MEDICAL EMBRYOLOGY
_c
SADLER, T.W
942
_2
udc
_c
BK
999
_c
9049
_d
9049